[Event "DSM WK M 2012"]
[Site "Karlsruhe GER"]
[Date "2012.05.05"]
[Round "5"]
[White "Zelbel, Chantal"]
[Black "Thimian, Jessica"]
[Result "1-0"]
[Termination "normal"]
[Board "6.3"]
[WhiteElo "976"]
[BlackElo "800"]
[WhiteTeam "Immanuel-Kant-Gymnasium Dortmund"]
[BlackTeam "Louise-Henriette-Gymnasium Oranienburg"]
[PlyCount "91"]
[EventCountry "GER"]
[EventRounds "7"]
[EventType "team-swiss"]
[EventDate "2012.05.03"]

1. d4 d5 2. Nc3 Nf6 3. Bf4 Nc6 4. Nb5 Kd7 5. Nxc7 Rb8 6. Ne6 fxe6 7. Bxb8 Nxb8
8. Nf3 Nc6 9. Ng5 Qe8 10. e3 e5 11. dxe5 Nxe5 12. Bb5+ Nc6 13. e4 e6 14. O-O
Qg6 15. exd5 exd5 16. Nf3 Kc7 17. g3 Bf5 18. Bxc6 bxc6 19. Qd4 Kb7 20. Ne5 Qe8
21. Rfe1 Bd6 22. Nc4 Qd8 23. Ne3 Qd7 24. Qc3 Re8 25. Qb3+ Kc8 26. Qa4 Kb8 27.
Qb3+ Kc8 28. Qa4 Bc5 29. Nxf5 g6 30. Rxe8+ Nxe8 31. Qa6+ Kd8 32. Ne3 Nf6 33.
Qa5+ Ke8 34. Qxc5 Ne4 35. Qd4 Qe7 36. Qh8+ Kd7 37. Qa8 Kd6 38. Qb8+ Ke6 39.
Qc8+ Kd6 40. Nc4+ Kc5 41. b4+ Kxc4 42. Qxc6+ Kd4 43. Rd1+ Ke5 44. Qxd5+ Kf6 45.
Qc6+ Kg7 46. Rd7 1-0

[Event "DSM WK M 2012"]
[Site "Karlsruhe GER"]
[Date "2012.05.05"]
[Round "5"]
[White "Hallek, Sarah"]
[Black "Liberis, Angelina"]
[Result "1-0"]
[Termination "normal"]
[Board "6.4"]
[WhiteElo "800"]
[BlackElo "800"]
[WhiteTeam "Louise-Henriette-Gymnasium Oranienburg"]
[BlackTeam "Immanuel-Kant-Gymnasium Dortmund"]
[PlyCount "101"]
[EventCountry "GER"]
[EventRounds "7"]
[EventType "team-swiss"]
[EventDate "2012.05.03"]

1. d4 d5 2. Nc3 e6 3. e3 a6 4. Bd3 Nc6 5. Nf3 Bb4 6. Bd2 Nf6 7. e4 O-O 8. a3
Ba5 9. b4 Bb6 10. e5 Ng4 11. Bg5 Qe8 12. Ne2 h6 13. h3 hxg5 14. hxg4 a5 15. c3
axb4 16. axb4 Rxa1 17. Qxa1 g6 18. Nxg5 Qd8 19. Qc1 Na7 20. Nh7 Re8 21. Nf6+
Kf8 22. Nxe8 Kxe8 23. Rh8+ Kd7 24. Rxd8+ Kxd8 25. c4 Nc6 26. b5 Ba5+ 27. Kf1
Nb4 28. Qc3 b6 29. g5 Na2 30. Qa3 Nb4 31. cxd5 exd5 32. Nf4 Bf5 33. Bxf5 gxf5
34. Nd3 Nc2 35. Qb2 Nb4 36. Nxb4 Bxb4 37. Qxb4 c5 38. Qa4 c4 39. Qa6 c3 40.
Qxb6+ Ke8 41. Qc6+ Ke7 42. Qxd5 c2 43. Qc4 Kd7 44. Qxc2 f4 45. Qb2 Ke6 46. b6
Kf5 47. f3 Kxg5 48. b7 Kh4 49. b8=R Kg3 50. Qf2+ Kh2 51. Rh8# 1-0

[Event "DSM WK M 2012"]
[Site "Karlsruhe GER"]
[Date "2012.05.05"]
[Round "5"]
[White "Lagunow, Elina"]
[Black "G., Diana"]
[Result "1-0"]
[Termination "normal"]
[Board "7.1"]
[WhiteElo "1684"]
[BlackElo "1026"]
[WhiteTeam "Heinrich-Schliemann-Gymnasium Berlin"]
[BlackTeam "Charlotte-Paulsen-Gymnasium Hamburg"]
[PlyCount "85"]
[WhiteFideId "4673387"]
[BlackFideId "12964700"]
[EventCountry "GER"]
[EventRounds "7"]
[EventType "team-swiss"]
[EventDate "2012.05.03"]

1. e4 e5 2. Nf3 Nc6 3. Bc4 Nf6 4. d4 exd4 5. O-O Be7 6. Re1 d6 7. Nxd4 O-O 8.
Nc3 Nxd4 9. Qxd4 Be6 10. Be2 d5 11. e5 Nd7 12. Bf4 c5 13. Qd2 f6 14. Nxd5 fxe5
15. Nxe7+ Qxe7 16. Bg5 Qf7 17. Bf3 Nf6 18. Rxe5 Rad8 19. Qe2 Rde8 20. Bxf6 Qxf6
21. Bd5 Bxd5 22. Rxe8 Qg6 23. Rxf8+ Kxf8 24. f3 Bf7 25. Rd1 Qb6 26. c4 Qc7 27.
Qd3 Qe5 28. Qd8+ Be8 29. Qd6+ Qxd6 30. Rxd6 Bf7 31. b3 Ke7 32. Rd2 b6 33. Kf2
Kf6 34. Rd7 a5 35. Rd6+ Ke7 36. Rxb6 Kd7 37. Ra6 Kc7 38. Ra7+ Kb6 39. Rxf7 g5
40. Rxh7 Kc6 41. f4 gxf4 42. Rh4 f3 43. Kxf3 1-0

[Event "DSM WK M 2012"]
[Site "Karlsruhe GER"]
[Date "2012.05.05"]
[Round "5"]
[White "Piyamit, Sophia"]
[Black "Reiter, Nicole"]
[Result "0-1"]
[Termination "normal"]
[Board "7.3"]
[WhiteElo "800"]
[BlackElo "794"]
[WhiteTeam "Heinrich-Schliemann-Gymnasium Berlin"]
[BlackTeam "Charlotte-Paulsen-Gymnasium Hamburg"]
[PlyCount "102"]
[BlackFideId "16212126"]
[EventCountry "GER"]
[EventRounds "7"]
[EventType "team-swiss"]
[EventDate "2012.05.03"]

1. e4 e5 2. Nf3 Nc6 3. Bc4 Bc5 4. c3 Nf6 5. d3 d6 6. Bb3 Be6 7. Bc2 a5 8. O-O
Qd7 9. a3 O-O 10. Re1 Ng4 11. Re2 b5 12. h3 Nf6 13. Nbd2 Nh5 14. d4 exd4 15.
cxd4 Nxd4 16. Nxd4 Bxd4 17. Nf3 Bc5 18. Re1 Rad8 19. Bg5 Rde8 20. Nh2 Nf6 21.
Nf3 Rb8 22. Qd3 Ne8 23. Bd2 Bc4 24. Qc3 Qe6 25. Nh2 b4 26. Qg3 c6 27. e5 dxe5
28. Be4 Bd5 29. Nf3 Bxe4 30. Rxe4 h6 31. Rxe5 Qd6 32. Bf4 Bd4 33. Rh5 Qe6 34.
Nxd4 Qf6 35. Be3 Rd8 36. Nxc6 Qxc6 37. Bd4 Rxd4 38. Re1 Qg6 39. Rhe5 Qxg3 40.
fxg3 Nf6 41. Rf1 Re8 42. Rxa5 Rd2 43. Ra4 bxa3 44. Ra6 axb2 45. Rb1 Rb8 46. Rd6
Rxd6 47. h4 Ne4 48. Kh2 g5 49. h5 Rd3 50. Kh3 Rxg3+ 51. Kh2 Kg7 0-1

[Event "DSM WK M 2012"]
[Site "Karlsruhe GER"]
[Date "2012.05.05"]
[Round "5"]
[White "Syla, Albetina"]
[Black "Kluge, Helene"]
[Result "0-1"]
[Termination "normal"]
[Board "7.4"]
[WhiteElo "800"]
[BlackElo "831"]
[WhiteTeam "Charlotte-Paulsen-Gymnasium Hamburg"]
[BlackTeam "Heinrich-Schliemann-Gymnasium Berlin"]
[PlyCount "98"]
[BlackFideId "12983179"]
[EventCountry "GER"]
[EventRounds "7"]
[EventType "team-swiss"]
[EventDate "2012.05.03"]

1. e4 c5 2. Nf3 Nc6 3. d3 d6 4. Nc3 g6 5. Be3 Bg7 6. Be2 Nf6 7. Qd2 O-O 8. Bh6
a6 9. h4 b5 10. O-O-O b4 11. Nd5 Nxd5 12. exd5 Ne5 13. h5 a5 14. d4 Nxf3 15.
Bxf3 cxd4 16. Bxg7 Kxg7 17. Qxd4+ Kg8 18. h6 f6 19. Be4 Bd7 20. Qd3 Kf7 21. f3
Qb8 22. f4 Bb5 23. Qf3 Rc8 24. Rd2 Bc4 25. g4 Bxa2 26. f5 g5 27. Qh3 Qc7 28.
Kd1 Bb1 29. Rhh2 Qc5 30. Qb3 Qg1+ 31. Ke2 Qxh2+ 32. Ke3 Qxh6 33. Rd1 Qh3+ 34.
Bf3 Bxc2 35. Rh1 Qxh1 36. Bxh1 Bxb3 37. Be4 a4 38. Kf3 a3 39. bxa3 bxa3 40. Bb1
a2 41. Bxa2 Rxa2 42. Ke3 Bxd5 43. Kd4 Ba8 44. Ke3 Rc3+ 45. Kd4 Rh3 46. Kc4 Ra4+
47. Kb5 Re4 48. Ka5 Rb3 49. Ka6 Ra4# 0-1

[Event "DSM WK M 2012"]
[Site "Karlsruhe GER"]
[Date "2012.05.05"]
[Round "5"]
[White "Schmieder, Michelle"]
[Black "Schweiger, Yasmin"]
[Result "0-1"]
[Termination "normal"]
[Board "8.1"]
[WhiteElo "1210"]
[BlackElo "1038"]
[WhiteTeam "Clemens-Winkler-Gymnasium Aue"]
[BlackTeam "Gymnasium Neureut"]
[PlyCount "130"]
[EventCountry "GER"]
[EventRounds "7"]
[EventType "team-swiss"]
[EventDate "2012.05.03"]

1. e4 c6 2. Nf3 d5 3. exd5 cxd5 4. d4 Bg4 5. Bf4 e6 6. Be2 Nc6 7. c3 Nf6 8.
Nbd2 Be7 9. O-O O-O 10. Ne5 Bxe2 11. Qxe2 Qe8 12. b3 Rd8 13. Qb5 Nxe5 14. Qxe8
Rfxe8 15. Bxe5 Rc8 16. Rac1 Nd7 17. Bf4 Rc6 18. Nf3 Rec8 19. Bd2 Bf6 20. Rfe1
b5 21. a3 Be7 22. b4 Nb6 23. Ne5 R6c7 24. Re3 Na4 25. Rf3 Bf6 26. Rd3 Nb2 27.
Rg3 h6 28. Bxh6 g6 29. Bd2 Ra8 30. Ng4 Bg7 31. h4 Nc4 32. Bf4 Rcc8 33. Ra1 a5
34. Ne5 Nb6 35. h5 Kf8 36. hxg6 fxg6 37. Nxg6+ Kf7 38. Ne5+ Kf8 39. Rf3 axb4
40. cxb4 Ra7 41. Be3+ Ke8 42. Ng4 Nc4 43. Bc1 Bxd4 44. Rh3 Bxa1 45. Rh6 Rc6 46.
f4 Nxa3 47. Bxa3 Rxa3 48. f5 Rc1+ 49. Kh2 exf5 50. Nf6+ Bxf6 51. Rxf6 Rf1 52.
Re6+ Kf7 53. Re5 Rd3 54. Re2 f4 55. Re5 f3 56. Rf5+ Ke6 57. Rxf3 Rdxf3 58. gxf3
Rxf3 59. Kg2 Rf8 60. Kg3 d4 61. Kg4 d3 62. Kg3 d2 63. Kg2 d1=Q 64. Kg3 Qg1+ 65.
Kh4 Rh8# 0-1

[Event "DSM WK M 2012"]
[Site "Karlsruhe GER"]
[Date "2012.05.05"]
[Round "5"]
[White "Richter, Charlotte"]
[Black "Kluge, Leyla"]
[Result "0-1"]
[Termination "normal"]
[Board "8.2"]
[WhiteElo "800"]
[BlackElo "1372"]
[WhiteTeam "Gymnasium Neureut"]
[BlackTeam "Clemens-Winkler-Gymnasium Aue"]
[PlyCount "86"]
[BlackFideId "12918172"]
[EventCountry "GER"]
[EventRounds "7"]
[EventType "team-swiss"]
[EventDate "2012.05.03"]

1. e4 c5 2. Nc3 Nc6 3. Nf3 g6 4. d4 cxd4 5. Nxd4 Bg7 6. Be3 d6 7. Bb5 Bd7 8.
Bc4 Nf6 9. h3 a6 10. O-O O-O 11. a3 b5 12. Be2 Rc8 13. a4 Nxd4 14. Bxd4 bxa4
15. Bxa6 Ra8 16. Bd3 Qc7 17. Re1 a3 18. bxa3 e5 19. Nb5 Bxb5 20. Bxb5 exd4 21.
Qd3 Qc3 22. Qxc3 dxc3 23. a4 Rfc8 24. f3 Ne8 25. a5 Rc5 26. Bxe8 Rxe8 27. a6
Ra8 28. Red1 Be5 29. Rdb1 Rc6 30. a7 Bd4+ 31. Kh2 Rxa7 32. Rd1 Rxa1 33. Rxa1
Rb6 34. Rc1 Rb2 35. Rd1 Be5+ 36. Kh1 Rxc2 37. Kg1 Rd2 38. Rc1 c2 39. Kf1 Rd1+
40. Rxd1 cxd1=Q+ 41. Kf2 Qd2+ 42. Kf1 Bg3 43. Kg1 Qe1# 0-1

[Event "DSM WK M 2012"]
[Site "Karlsruhe GER"]
[Date "2012.05.05"]
[Round "5"]
[White "Boden, Talitha"]
[Black "Fotler, Diana"]
[Result "1-0"]
[Termination "normal"]
[Board "8.3"]
[WhiteElo "964"]
[BlackElo "800"]
[WhiteTeam "Clemens-Winkler-Gymnasium Aue"]
[BlackTeam "Gymnasium Neureut"]
[PlyCount "129"]
[EventCountry "GER"]
[EventRounds "7"]
[EventType "team-swiss"]
[EventDate "2012.05.03"]

1. e4 e5 2. Nf3 Nc6 3. Nc3 Nf6 4. g3 Bc5 5. d3 O-O 6. Be3 d6 7. Bg2 Ng4 8. Bxc5
dxc5 9. O-O b6 10. h3 Nf6 11. a3 Be6 12. Qd2 c4 13. dxc4 Bxc4 14. Rfd1 a6 15.
b3 Be6 16. Qe3 Qe7 17. Nd5 Bxd5 18. exd5 Na5 19. Nxe5 b5 20. d6 cxd6 21. Bxa8
Rxa8 22. Nf3 Qe4 23. Rac1 Rd8 24. Rd4 Qf5 25. Qf4 Qc5 26. Ng5 h6 27. Ne4 Qxd4
28. Nxf6+ Qxf6 29. Qxf6 gxf6 30. Rd1 f5 31. Kg2 Kg7 32. Kf3 Kf6 33. Kf4 h5 34.
Rd5 b4 35. Rxa5 bxa3 36. Rxa3 Ra8 37. Ra5 Ke6 38. Rxf5 Rc8 39. c4 Rc5 40. Rxc5
dxc5 41. g4 hxg4 42. Kxg4 Ke5 43. Kg5 f5 44. h4 f4 45. h5 f3 46. h6 Kd4 47. h7
Kc3 48. h8=Q+ Kxb3 49. Qg8 a5 50. Qd5 Kb4 51. Kg4 a4 52. Kxf3 a3 53. Ke3 a2 54.
Qd1 Kxc4 55. f4 Kc3 56. Qc1+ Kb4 57. f5 c4 58. f6 Kb3 59. f7 c3 60. f8=Q c2 61.
Qc8 Kb4 62. Q8xc2 a1=Q 63. Qxa1 Kb5 64. Qab1+ Ka5 65. Qca2# 1-0

[Event "DSM WK M 2012"]
[Site "Karlsruhe GER"]
[Date "2012.05.05"]
[Round "5"]
[White "Schweiger, Lauralie"]
[Black "Münzner, Jasmin"]
[Result "0-1"]
[Termination "normal"]
[Board "8.4"]
[WhiteElo "830"]
[BlackElo "974"]
[WhiteTeam "Gymnasium Neureut"]
[BlackTeam "Clemens-Winkler-Gymnasium Aue"]
[PlyCount "94"]
[EventCountry "GER"]
[EventRounds "7"]
[EventType "team-swiss"]
[EventDate "2012.05.03"]

1. d4 Nf6 2. Nf3 c6 3. c4 d6 4. Nc3 g6 5. e4 Bg7 6. Bg5 Qc7 7. e5 dxe5 8. dxe5
Nfd7 9. Bf4 Bxe5 10. Nxe5 Nxe5 11. Be2 f6 12. Qd4 c5 13. Qe3 Nbc6 14. Qxc5 b6
15. Qe3 Bb7 16. c5 Nb4 17. Bb5+ Bc6 18. O-O-O O-O 19. Bxc6 Nbxc6 20. Rhe1 bxc5
21. Rd5 c4 22. Bh6 Rfd8 23. f4 Nd3+ 24. Kb1 Nxe1 25. Qxe1 Rxd5 26. Nxd5 Qb7 27.
b4 Rd8 28. Qe4 a5 29. a3 axb4 30. Qe6+ Kh8 31. axb4 Nxb4 32. Nxf6 Nd3+ 33. Kc2
Qb3+ 34. Kd2 Nxf4+ 35. Qd5 Nxd5 36. Nxd5 Rxd5+ 37. Ke2 Rd3 38. h4 Qc2+ 39. Bd2
Qxd2+ 40. Kf1 Qd1+ 41. Kf2 Qc2+ 42. Kg1 Rd2 43. Kh2 Rxg2+ 44. Kh3 Rh2+ 45. Kg4
Qf2 46. Kg5 Rg2+ 47. Kh6 Qxh4# 0-1

[Event "DSM WK M 2012"]
[Site "Karlsruhe GER"]
[Date "2012.05.05"]
[Round "5"]
[White "Hammer, Nicole"]
[Black "König, Isabel"]
[Result "1/2-1/2"]
[Termination "normal"]
[Board "9.1"]
[WhiteElo "752"]
[BlackElo "1099"]
[WhiteTeam "Freiherr-vom-Stein Gymnasium Hamm"]
[BlackTeam "Gymnasium Altenholz"]
[PlyCount "102"]
[BlackFideId "16210000"]
[EventCountry "GER"]
[EventRounds "7"]
[EventType "team-swiss"]
[EventDate "2012.05.03"]

1. e4 c5 2. Nf3 e6 3. Bc4 a6 4. Nc3 b5 5. Bb3 c4 6. Bxc4 bxc4 7. d4 cxd3 8.
cxd3 Nf6 9. Be3 Bb4 10. Bd2 O-O 11. a3 Bxc3 12. Bxc3 Re8 13. O-O d5 14. e5 Nfd7
15. Qd2 Nc6 16. Qf4 Nc5 17. d4 Nb3 18. Rab1 a5 19. Qg4 f6 20. exf6 Qxf6 21. Qh5
Ba6 22. Rfe1 Bd3 23. Rbd1 Bc2 24. Ng5 h6 25. Nf3 Bxd1 26. Rxd1 Ra7 27. Qxe8+
Kh7 28. Qxc6 Qf5 29. Qb6 Qc2 30. Re1 Rf7 31. Qxe6 Rf5 32. Rf1 Nc1 33. Bd2 Rh5
34. Bxc1 g6 35. Ne5 Rh4 36. Qf7+ Kh8 37. Qxd5 Rh5 38. Nf7+ Kg7 39. Qe6 Qf5 40.
Qe3 Qxf7 41. g4 Rg5 42. Rd1 Rxg4+ 43. Kf1 Qc4+ 44. Ke1 Rg1+ 45. Kd2 Rxd1+ 46.
Kxd1 Qf1+ 47. Qe1 Qd3+ 48. Qd2 Qf1+ 49. Qe1 Qd3+ 50. Bd2 Qb1+ 51. Bc1 Qd3+
1/2-1/2

[Event "DSM WK M 2012"]
[Site "Karlsruhe GER"]
[Date "2012.05.05"]
[Round "5"]
[White "Caliebe, Nanke"]
[Black "Hörnschemeyer, Mara"]
[Result "1-0"]
[Termination "normal"]
[Board "9.2"]
[WhiteElo "867"]
[BlackElo "800"]
[WhiteTeam "Gymnasium Altenholz"]
[BlackTeam "Freiherr-vom-Stein Gymnasium Hamm"]
[PlyCount "49"]
[WhiteFideId "12980528"]
[EventCountry "GER"]
[EventRounds "7"]
[EventType "team-swiss"]
[EventDate "2012.05.03"]

1. d4 e6 2. c4 Nc6 3. e3 Bb4+ 4. Bd2 d6 5. Nf3 Nf6 6. Nc3 O-O 7. Be2 e5 8. Nb5
Be6 9. d5 Bxd5 10. cxd5 Nxd5 11. O-O e4 12. Nfd4 Ne5 13. Bxb4 Nxb4 14. Qb3 Qf6
15. Qxb4 c5 16. Qd2 cxd4 17. Qxd4 d5 18. Qxd5 Ng6 19. Qxe4 Nh4 20. g3 Rae8 21.
Qxh4 Qf5 22. Rad1 g5 23. Qh6 Re6 24. Bd3 Qf3 25. Qxh7# 1-0

[Event "DSM WK M 2012"]
[Site "Karlsruhe GER"]
[Date "2012.05.05"]
[Round "5"]
[White "Kowalski, Rebecca"]
[Black "Caliebe, Frauke"]
[Result "0-1"]
[Termination "normal"]
[Board "9.3"]
[WhiteElo "800"]
[BlackElo "944"]
[WhiteTeam "Freiherr-vom-Stein Gymnasium Hamm"]
[BlackTeam "Gymnasium Altenholz"]
[PlyCount "52"]
[EventCountry "GER"]
[EventRounds "7"]
[EventType "team-swiss"]
[EventDate "2012.05.03"]

1. e4 c5 2. Nf3 e6 3. Nc3 d6 4. Bb5+ Nd7 5. d3 Ngf6 6. Bg5 Be7 7. O-O O-O 8.
Qc1 a6 9. Ba4 b5 10. Bb3 Bb7 11. Bh6 gxh6 12. Qxh6 Ng4 13. Qh5 Nde5 14. h3
Nxf3+ 15. gxf3 Nf6 16. Qg5+ Kh8 17. f4 Rg8 18. Qg2 Rxg2+ 19. Kxg2 Qg8+ 20. Kh2
d5 21. a3 dxe4 22. dxe4 Nxe4 23. Ne2 Nd2 24. Rg1 Nf3+ 25. Kh1 Nxg1+ 26. Kh2
Qg2# 0-1

[Event "DSM WK M 2012"]
[Site "Karlsruhe GER"]
[Date "2012.05.05"]
[Round "5"]
[White "Morsch, Rebecca"]
[Black "Mewes, Melissa"]
[Result "1-0"]
[Termination "normal"]
[Board "9.4"]
[WhiteElo "800"]
[BlackElo "800"]
[WhiteTeam "Gymnasium Altenholz"]
[BlackTeam "Freiherr-vom-Stein Gymnasium Hamm"]
[PlyCount "67"]
[EventCountry "GER"]
[EventRounds "7"]
[EventType "team-swiss"]
[EventDate "2012.05.03"]

1. e4 e5 2. Nf3 Nf6 3. Nc3 Bb4 4. Bc4 Bxc3 5. dxc3 Nxe4 6. Nxe5 O-O 7. O-O Qf6
8. Bxf7+ Rxf7 9. Nxf7 Qxf7 10. Qe2 d5 11. c4 c6 12. Rd1 Qg6 13. cxd5 Bg4 14. f3
Nf6 15. fxg4 Qxg4 16. Qd2 Ne4 17. Qd4 Qe2 18. h3 Nd7 19. Bd2 c5 20. Qe3 Qc4 21.
Bc3 Qa4 22. Rdc1 Re8 23. Qf4 Nxc3 24. bxc3 Qxf4 25. Rcb1 Qd2 26. Rxb7 Rb8 27.
Rxd7 Qxc2 28. Rxa7 Qxc3 29. Re7 Qxa1+ 30. Kh2 c4 31. d6 c3 32. d7 c2 33. Re8+
Rxe8 34. dxe8=Q# 1-0

[Event "DSM WK M 2012"]
[Site "Karlsruhe GER"]
[Date "2012.05.05"]
[Round "5"]
[White "Nikolowa, Cecilia"]
[Black "Petric, Vivien"]
[Result "0-1"]
[Termination "normal"]
[Board "10.1"]
[WhiteElo "800"]
[BlackElo "844"]
[WhiteTeam "Schule an der Carbäk Broderstorf"]
[BlackTeam "Salier-Gymnasium Waiblingen"]
[PlyCount "76"]
[EventCountry "GER"]
[EventRounds "7"]
[EventType "team-swiss"]
[EventDate "2012.05.03"]

1. d4 d5 2. Nf3 Nf6 3. e3 Nc6 4. Nh4 Bg4 5. f3 Be6 6. b3 Bd7 7. Bd3 e6 8. O-O
Bb4 9. c3 Bd6 10. Re1 Nh5 11. g3 O-O 12. Ba3 Be7 13. Bc5 b6 14. Bb4 Nxb4 15.
cxb4 Bxh4 16. f4 Be7 17. Qxh5 g6 18. Qd1 Qe8 19. Qc1 Bb5 20. Rd1 Bxd3 21. Rxd3
Bxb4 22. Qxc7 Qc8 23. Qe5 Qc1+ 24. Kg2 Qc2+ 25. Kh3 Qxd3 26. Qc7 Qe2 27. a3 Qb2
28. axb4 Qxa1 29. Nd2 Qe1 30. Qc2 Qxe3 31. Qb2 Rfe8 32. Kh4 f6 33. Kg4 e5 34.
fxe5 fxe5 35. Qc2 Qxd4+ 36. Kf3 Rac8 37. Qd1 e4+ 38. Kg4 e3+ { und weiter
folgte 39.Sf3 (!?!) Dxd1 etc. und Matt im 47. Zug.} 0-1

[Event "DSM WK M 2012"]
[Site "Karlsruhe GER"]
[Date "2012.05.05"]
[Round "5"]
[White "Georgieva, Kameliya"]
[Black "Führer, Anne"]
[Result "1-0"]
[Termination "normal"]
[Board "10.2"]
[WhiteElo "755"]
[BlackElo "800"]
[WhiteTeam "Salier-Gymnasium Waiblingen"]
[BlackTeam "Schule an der Carbäk Broderstorf"]
[PlyCount "27"]
[EventCountry "GER"]
[EventRounds "7"]
[EventType "team-swiss"]
[EventDate "2012.05.03"]

1. e4 e5 2. Nf3 Nf6 3. Bb5 Bb4 4. O-O a6 5. Bc4 Nxe4 6. Nxe5 O-O 7. Qg4 Nc6 8.
Qxe4 Re8 9. Bxf7+ Kf8 10. Bxe8 Kxe8 11. Nxc6+ Be7 12. Nxd8 Kxd8 13. Re1 d6 14.
Qxe7# 1-0

[Event "DSM WK M 2012"]
[Site "Karlsruhe GER"]
[Date "2012.05.05"]
[Round "5"]
[White "Schleede, Celina"]
[Black "Pankonin, Tabea"]
[Result "0-1"]
[Termination "normal"]
[Board "10.3"]
[WhiteElo "800"]
[BlackElo "774"]
[WhiteTeam "Schule an der Carbäk Broderstorf"]
[BlackTeam "Salier-Gymnasium Waiblingen"]
[PlyCount "72"]
[EventCountry "GER"]
[EventRounds "7"]
[EventType "team-swiss"]
[EventDate "2012.05.03"]

1. e4 e5 2. Nf3 Nc6 3. Nc3 Nf6 4. Bc4 h6 5. d3 Bc5 6. Be3 Bb6 7. O-O d6 8. h3
O-O 9. Qd2 Bxe3 10. Qxe3 Nb4 11. Rfe1 Nxc2 12. Qc1 Nxe1 13. Qxe1 Be6 14. Bxe6
fxe6 15. Qe3 d5 16. Rd1 d4 17. Qd2 dxc3 18. bxc3 Qd6 19. d4 Nxe4 20. dxe5 Qa6
21. Qd3 Qxd3 22. Rxd3 Rfd8 23. Re3 Rd1+ 24. Kh2 Nxf2 25. Nd4 c5 26. Nxe6 Rh1+
27. Kg3 Nd1 28. Re4 Nxc3 29. Rc4 Ne2+ 30. Kf3 Ng1+ 31. Kg3 Re8 32. Nxc5 Rxe5
33. Nd3 Re3+ 34. Kf2 Rxd3 35. Ra4 Rd2+ 36. Ke1 Nf3# 0-1

[Event "DSM WK M 2012"]
[Site "Karlsruhe GER"]
[Date "2012.05.05"]
[Round "5"]
[White "Abed, Sarah"]
[Black "Esemann, Charlotte"]
[Result "1-0"]
[Termination "normal"]
[Board "10.4"]
[WhiteElo "800"]
[BlackElo "800"]
[WhiteTeam "Salier-Gymnasium Waiblingen"]
[BlackTeam "Schule an der Carbäk Broderstorf"]
[PlyCount "97"]
[EventCountry "GER"]
[EventRounds "7"]
[EventType "team-swiss"]
[EventDate "2012.05.03"]

1. e4 e5 2. d4 exd4 3. Qxd4 Nc6 4. Qa4 Nce7 5. Nc3 Ng6 6. Nf3 Be7 7. Bc4 Bf6 8.
Nd5 Bg5 9. Nxg5 Nh6 10. Nf4 O-O 11. Nxg6 hxg6 12. O-O c6 13. Qb3 b5 14. Bf4 c5
15. Bxb5 a6 16. Bc4 d6 17. Rad1 Be6 18. Bxd6 Re8 19. Nxe6 Qb8 20. Nc7 Ra7 21.
Nxe8 Qa8 22. Nc7 Qc8 23. Bxa6 Qd8 24. Bxc5 Qxc7 25. Bxa7 Qxa7 26. Bb5 Qb7 27.
Rfe1 Kh7 28. Rd7 Qb8 29. e5 g5 30. Bc4 Qxb3 31. axb3 g4 32. Bxf7 Nf5 33. c4 Kh6
34. Rd6+ Nxd6 35. exd6 Kg5 36. d7 Kf6 37. d8=R g5 38. Re6+ Kf5 39. Rg6 Ke5 40.
Rxg5+ Ke4 41. Rxg4+ Ke5 42. Rd5+ Kf6 43. Rh4 Kg7 44. Be6 Kg6 45. Bh3 Kf7 46.
Re5 Kg6 47. Rf5 Kg7 48. Rg4+ Kh8 49. Rh5# 1-0